| 000 | 00454nam a2200145 a 4500 | ||
|---|---|---|---|
| 001 | 000026672 | ||
| 005 | 20200930030338.0 | ||
| 008 | 110324s19uu dr 000 p spa d | ||
| 040 |
_aDO-SdBNP _bspa _cBNPHU |
||
| 100 | 1 |
_aCabral U., Luis Emilio _953792 |
|
| 245 | 0 |
_aRisueño amanecer. / _cLuis Emilio Cabral U. |
|
| 260 |
_aSan Francisco de Macoris, República Dominicana : _bTipografía Cervantes, _c[s.f.]. |
||
| 300 |
_a69 p. ; _c22 cm. |
||
| 049 | _aBNPD | ||
| 999 |
_c26164 _d26164 |
||